[Event "Remberto Fernandez Premier1 11th"]
[Site "Havana"]
[Date "2018.05.06"]
[Round "9"]
[White "Garcia Garcia, Alejandro"]
[Black "Gonzalez Munoz, Ariel"]
[Result "1/2-1/2"]
[WhiteElo "2328"]
[BlackElo "2130"]
[PlyCount "97"]
[EventDate "2018.04.29"]
[EventType "tourn"]
[EventRounds "10"]
[EventCountry "CUB"]
[EventCategory "5"]
[SourceTitle "EXT 2021"]
[Source "ChessBase"]
[SourceDate "2020.10.23"]
[SourceVersion "1"]
[SourceVersionDate "2020.10.23"]
[SourceQuality "1"]

1. Nf3 Nf6 2. g3 g6 3. Bg2 Bg7 4. 0-0 0-0 5. c4 d6 6. Nc3 c6 7. d3 Nbd7 8. Rb1 a5 9. a3 d5 10. cxd5 cxd5 11. e4 dxe4 12. dxe4 Nc5 13. Nh4 Be6 14. Be3 Rc8 15. b4 axb4 16. axb4 Nd3 17. Nd5 Ne5 18. Bb6 Qd7 19. Bc5 Nxd5 20. exd5 Bh3 21. Bxh3 Qxh3 22. Bxe7 Ng4 23. Nf3 Rc3 24. Re1 Bd4 25. Rb2 Rxf3 26. Qxf3 Qxh2+ 27. Kf1 Qh5 28. Qe4 Bxb2 29. Bxf8 Kxf8 30. d6 Qb5+ 31. Kg1 Nf6 32. Qf4 Kg7 33. Qd2 Be5 34. Qg5 Nd7 35. Qe7 Bf6 36. Qe8 Qxb4 37. Re7 Ne5 38. Rxe5 Qxd6 39. Re1 Bd4 40. Kg2 Qd5+ 41. f3 Bc5 42. Qe2 Qd4 43. Rd1 Qf6 44. Qd2 h5 45. Qe2 b6 46. Rd2 h4 47. gxh4 Qxh4 48. Qe5+ Qf6 49. Qd5 1/2-1/2

[Event "Remberto Fernandez Premier1 11th"]
[Site "Havana"]
[Date "2018.05.02"]
[Round "5"]
[White "Diaz Perez, Michel Alejandro"]
[Black "Gonzalez Munoz, Ariel"]
[Result "1-0"]
[WhiteElo "2447"]
[BlackElo "2130"]
[PlyCount "89"]
[EventDate "2018.04.29"]
[EventType "tourn"]
[EventRounds "10"]
[EventCountry "CUB"]
[EventCategory "5"]
[SourceTitle "EXT 2021"]
[Source "ChessBase"]
[SourceDate "2020.10.23"]
[SourceVersion "1"]
[SourceVersionDate "2020.10.23"]
[SourceQuality "1"]

1. e4 e5 2. Nf3 Nc6 3. Bb5 a6 4. Ba4 Nf6 5. 0-0 Be7 6. d3 b5 7. Bb3 0-0 8. a4 Bb7 9. Nc3 b4 10. Nd5 d6 11. Nxe7+ Nxe7 12. a5 h6 13. Nh4 g5 14. Qf3 Kg7 15. Nf5+ Nxf5 16. Qxf5 Bc8 17. Qf3 Be6 18. Ba4 Bd7 19. h4 Nh7 20. hxg5 hxg5 21. Qh5 Bxa4 22. Rxa4 c5 23. g3 Qf6 24. Kg2 Qg6 25. Rh1 Qxh5 26. Rxh5 Kg6 27. g4 f6 28. Be3 Rf7 29. c3 bxc3 30. bxc3 Nf8 31. d4 cxd4 32. cxd4 Ne6 33. d5 Nc7 34. Ra1 Nb5 35. Rah1 Rg7 36. Rh6+ Kf7 37. Rc1 Rgg8 38. Rc6 Rgc8 39. Rb6 Kg7 40. Rh1 Rc7 41. Kf3 Na3 42. Rxd6 Nc4 43. Rc1 Rb8 44. Rxa6 Rb3 45. Rc6 1-0

[Event "Giraldilla de La Habana tt"]
[Site "Havana"]
[Date "2018.??.??"]
[Round "7.1"]
[White "Morales Garcia, Alexei"]
[Black "Gonzalez Munoz, Ariel"]
[Result "0-1"]
[WhiteElo "2131"]
[BlackElo "2120"]
[PlyCount "90"]
[EventDate "2018.07.27"]
[EventType "team-tourn"]
[EventRounds "9"]
[EventCountry "CUB"]
[SourceTitle "EXT 2021"]
[Source "ChessBase"]
[SourceDate "2020.10.23"]
[SourceVersion "1"]
[SourceVersionDate "2020.10.23"]
[SourceQuality "1"]

1. d4 Nf6 2. Nf3 g6 3. g3 Bg7 4. Bg2 0-0 5. 0-0 d6 6. c4 Nbd7 7. Nc3 c6 8. h3 a5 9. e4 e5 10. d5 Nc5 11. Re1 cxd5 12. cxd5 a4 13. Bf1 Bd7 14. Nd2 Qa5 15. Nc4 Qc7 16. Na3 Qc8 17. Kh2 Ne8 18. Be3 f5 19. Rc1 f4 20. gxf4 Qd8 21. Nc4 exf4 22. Bd4 Qh4 23. Rc2 f3 24. Bxg7 Nxg7 25. Nb6 Rae8 26. Nxd7 Nxd7 27. Bb5 Ne5 28. Rg1 Re7 29. Qd2 Rf4 30. Bf1 Nh5 31. Nb5 Ng4+ 32. Kh1 Rfxe4 33. Nxd6 Re1 34. Rc8+ Kg7 35. Qc3+ Nhf6 36. Qxf3 Nxf2+ 37. Kg2 R1e3 38. Rc7 Rxf3 39. Rxe7+ Kf8 40. Rf7+ Kg8 41. Kxf3 Nxh3 42. Bxh3 Qxh3+ 43. Rg3 Qh5+ 44. Kf2 Qh2+ 45. Kf3 Nh5 0-1

[Event "Havana Province zt"]
[Site "Havana"]
[Date "2010.03.15"]
[Round "9"]
[White "Pages Roman, Seidy"]
[Black "Gonzalez Munoz, Ariel"]
[Result "1-0"]
[WhiteElo "1970"]
[BlackElo "2076"]
[PlyCount "37"]
[EventDate "2010.02.20"]
[EventType "swiss"]
[EventRounds "9"]
[EventCountry "CUB"]
[SourceTitle "EXT 2011"]
[Source "ChessBase"]
[SourceDate "2010.11.26"]
[SourceVersion "1"]
[SourceVersionDate "2010.11.26"]
[SourceQuality "1"]

1. d4 d5 2. Nf3 Nf6 3. e3 e6 4. Bd3 Bd6 5. c3 Nbd7 6. 0-0 0-0 7. Re1 Re8 8. Qe2 Qe7 9. Nbd2 c6 10. e4 dxe4 11. Nxe4 Nxe4 12. Bxe4 Nf6 13. Bc2 b6 14. Bg5 h6 15. Bh4 Bb7 16. Rad1 Rad8 17. Qd3 Kh8 18. Ne5 Bxe5 19. Bxf6 1-0

[Event "Havana Municipal-ch 12th"]
[Site "Havana"]
[Date "2009.09.19"]
[Round "5"]
[White "Madrazo Ponciano, Yandiel"]
[Black "Gonzalez Munoz, Ariel"]
[Result "0-1"]
[WhiteElo "2153"]
[BlackElo "2038"]
[PlyCount "48"]
[EventDate "2009.09.15"]
[EventType "swiss"]
[EventRounds "11"]
[EventCountry "CUB"]
[EventCategory "1"]
[SourceTitle "EXT 2012"]
[Source "ChessBase"]
[SourceDate "2011.11.24"]
[SourceVersion "1"]
[SourceVersionDate "2011.11.24"]
[SourceQuality "1"]

1. e4 e5 2. Nf3 Nc6 3. Bb5 a6 4. Ba4 d6 5. d4 b5 6. Bb3 Nxd4 7. Nxd4 exd4 8. Bd5 Rb8 9. Qxd4 Nf6 10. 0-0 Be7 11. Be3 Bd7 12. a4 Nxd5 13. Qxd5 bxa4 14. Nc3 Rxb2 15. Qd3 Bf6 16. f4 0-0 17. Rfd1 Bxc3 18. Qxc3 Rb8 19. e5 dxe5 20. Rd5 Qc8 21. Rxe5 Re8 22. Rc5 Qb7 23. Bd4 Re2 24. Rg5 Qb1+ 0-1